[Event "GER-chT U14 Girls"]
[Site "Magdeburg"]
[Date "2015.12.29"]
[Round "5.3"]
[White "Buchheim, Luise"]
[Black "Karlinger De la Quintana, Ainhoa"]
[Result "1-0"]
[WhiteElo "1112"]
[BlackElo "1121"]
[PlyCount "127"]
[EventDate "2015.12.27"]
[EventType "team-swiss"]
[EventRounds "7"]
[EventCountry "GER"]
[SourceTitle "EXT 2017"]
[Source "ChessBase"]
[SourceDate "2016.10.25"]
[SourceVersion "1"]
[SourceVersionDate "2016.10.25"]
[SourceQuality "1"]
[WhiteTeam "Coethen Germania"]
[BlackTeam "Ammersee"]
[WhiteTeamCountry "GER"]
[BlackTeamCountry "GER"]

1. e4 g6 2. Nf3 Bg7 3. Bc4 c5 4. Nc3 Nc6 5. d3 Nf6 6. Be3 d6 7. h3 0-0 8. Qd2 Re8 9. 0-0 Bd7 10. Rad1 Qc7 11. Ng5 Ne5 12. Bb3 c4 13. Ba4 Rad8 14. Rc1 h6 15. Bxd7 Rxd7 16. Nf3 Kh7 17. Nxe5 dxe5 18. b3 cxd3 19. cxd3 Qb8 20. Rc2 Rc8 21. Rfc1 b5 22. Ne2 Rxc2 23. Rxc2 Nxe4 24. Qc1 Rxd3 25. f3 Nf6 26. Ng3 Qd6 27. Kf2 Nd5 28. Bd2 Qb6+ 29. Ke2 Rd4 30. Kf1 Qa6 31. Kg1 Bf6 32. Kh1 Nf4 33. Be3 Nd3 34. Qf1 Rd6 35. Ne4 Rd8 36. Rd2 b4 37. Nc5 Nxc5 38. Qxa6 Nxa6 39. Rxd8 e6 40. Rd6 Nc7 41. Rd7 Nd5 42. Bxa7 Kg7 43. Bc5 Bh4 44. Rb7 Kf6 45. Bxb4 g5 46. Kh2 Ne3 47. a4 h5 48. a5 Nf1+ 49. Kg1 Ne3 50. a6 Nd5 51. a7 Bf2+ 52. Kxf2 Nxb4 53. Rxb4 g4 54. hxg4 hxg4 55. Rxg4 e4 56. a8Q e3+ 57. Ke2 e5 58. Qd8+ Ke6 59. Kxe3 f5 60. Rg6+ Kf7 61. Qf6+ Ke8 62. Rg7 f4+ 63. Ke2 e4 64. Qe7# 1-0

[Event "GER-chT U14 Girls"]
[Site "Magdeburg"]
[Date "2015.12.28"]
[Round "3.3"]
[White "Buchheim, Luise"]
[Black "Gossing, Marie Sophie"]
[Result "1-0"]
[WhiteElo "1112"]
[BlackElo "719"]
[PlyCount "99"]
[EventDate "2015.12.27"]
[EventType "team-swiss"]
[EventRounds "7"]
[EventCountry "GER"]
[SourceTitle "EXT 2017"]
[Source "ChessBase"]
[SourceDate "2016.10.25"]
[SourceVersion "1"]
[SourceVersionDate "2016.10.25"]
[SourceQuality "1"]
[WhiteTeam "Coethen Germania"]
[BlackTeam "Luebeck"]
[WhiteTeamCountry "GER"]
[BlackTeamCountry "GER"]

1. e4 e5 2. Nf3 Nc6 3. Bc4 Nf6 4. d3 Bc5 5. Nc3 d6 6. h3 h6 7. Be3 Bxe3 8. fxe3 0-0 9. 0-0 Be6 10. Bb3 Qd7 11. Nd5 Bxd5 12. exd5 Ne7 13. e4 Ng6 14. Qe1 Nf4 15. Kh2 N6h5 16. a3 Qe7 17. Qh4 Qd7 18. Qe1 Qe7 19. Qh4 Qd7 20. Qg4 Qxg4 21. hxg4 Nf6 22. g5 hxg5 23. Nxg5 Ng4+ 24. Kh1 Rae8 25. Ba4 Rd8 26. Nh3 Ne3 27. Rg1 Ne2 28. Rge1 Ng4 29. Rxe2 a6 30. c3 b5 31. Bd1 Rd7 32. Rd2 Nf6 33. b3 Re7 34. a4 bxa4 35. Rxa4 Ra8 36. b4 Ra7 37. Ra5 Re8 38. b5 Rea8 39. bxa6 Nd7 40. d4 c5 41. dxc6 Nb6 42. Be2 f6 43. dxe5 fxe5 44. Rxd6 Nc8 45. Re6 Rxa6 46. Rxa6 Rxa6 47. Bxa6 Nb6 48. c7 Na8 49. c8Q+ Kh7 50. Ng5# 1-0

[Event "GER-chT U18 Girls"]
[Site "Karlsruhe"]
[Date "2015.05.09"]
[Round "5.3"]
[White "Buchheim, Luise"]
[Black "Koopmann, Jasmin"]
[Result "1-0"]
[WhiteElo "1112"]
[BlackElo "800"]
[PlyCount "99"]
[EventDate "2015.05.07"]
[EventType "team-swiss"]
[EventRounds "7"]
[EventCountry "GER"]
[SourceTitle "EXT 2017"]
[Source "ChessBase"]
[SourceDate "2016.10.25"]
[SourceVersion "1"]
[SourceVersionDate "2016.10.25"]
[SourceQuality "1"]
[WhiteTeam "Koethen Ludwigs (W)"]
[BlackTeam "Lingen Franziskus (W)"]
[WhiteTeamCountry "GER"]
[BlackTeamCountry "GER"]

1. e4 d6 2. Nc3 Nf6 3. Bc4 Bg4 4. Be2 Qd7 5. h3 Bxe2 6. Qxe2 g6 7. Nf3 Bg7 8. d3 Nc6 9. 0-0 0-0 10. a3 g5 11. Nxg5 h6 12. Nf3 Rad8 13. Rd1 Qe6 14. Rd2 h5 15. Ng5 Bh6 16. Nxe6 fxe6 17. Rd1 Bg7 18. Bg5 Nd4 19. Qd2 Rde8 20. Ne2 Nb5 21. c4 a6 22. cxb5 axb5 23. Nd4 e5 24. Nxb5 c6 25. Nc7 Rc8 26. Ne6 Bh8 27. Nxf8 Rxf8 28. Bxf6 Bxf6 29. Rf1 c5 30. f4 b6 31. fxe5 Bxe5 32. Rxf8+ Kxf8 33. Rf1+ Bf6 34. b4 Ke8 35. bxc5 bxc5 36. a4 Bd4+ 37. Rf2 Bxf2+ 38. Kxf2 Kd7 39. g4 hxg4 40. hxg4 e6 41. g5 Ke7 42. a5 Kf7 43. a6 Kg6 44. a7 e5 45. a8Q d5 46. Kg3 dxe4 47. dxe4 Kh5 48. Qa6 c4 49. Qh2+ Kxg5 50. Qh4# 1-0